000
00219nam a22000857a 4500
008
161114b xxu||||| |||| 00| 0 eng d
100
_9
1192
_a
Chaudhery.S.
245
_a
Targetting Mathematics-3
260
_a
New Delhi
_b
MEB
_c
2012
999
_c
3879
_d
3879